Pays qui utilisent le dollar comme pièce de monnaie - Statistiques

Statistiques générales
  • Ce quiz a été pris 96 fois
  • Le résultat moyen est 11 sur 24
Statistiques - réponses
Pays % Correct
États-Unis
100%
Canada
97%
Australie
80%
Nouvelle-Zélande
76%
Bahamas
64%
Jamaique
58%
Barbade
54%
Dominique
49%
Fidji
48%
Grenade
46%
Saint Vincent et les Grenadines
43%
Sainte Lucie
38%
Belize
36%
Guyana
35%
Taiwan
34%
Liberia
31%
Singapour
31%
Antigua et Barbuda
30%
Suriname
28%
Zimbabwe
27%
Saint Kitts et Nevis
26%
Namibie
12%
Brunei
9%
Trinidad et Tobago
8%
Aucun quiz correspondant
Distribution des résultats
% des personnes avec chaque résultat
Percentile par nombre de réponses
Votre historique - résultats
Vous n’avez pas pris ce quiz